000 01549nam a22002297a 4500
005 20220421102705.0
008 220302b ||||| |||| 00| 0 eng d
020 _a9788131527641
040 _cAL
041 _aeng
082 _223
_a333.7
_bGALE
100 _aScott J Callan
_922255
245 _aEnvironmental economics and management
_bTheory policy and applications
250 _a6th ed.
260 _aNew Delhi
_bCengage Learning
_c2013
300 _axxxv,588p.
_bPB
_c25x20cm.
365 _2General
_aMLSH21CRB339
_b₹559.20
_c
_d₹699.00
_e20%
_f20-02-2022
520 _aGain a practical, applied grounding in environmental economic theory that is understandable whether you have had minimal previous exposure to economics or have an advanced understanding. With a strong focus on policy and real-world issues, Callan/Thomas's ENVIRONMENTAL ECONOMICS AND MANAGEMENT: THEORY, POLICY AND APPLICATIONS, Fifth Edition, complements economic theory with timely, real-world applications for a clear perspective of the relationship between market activity and the environment. The book integrates a strong business perspective into the development of environmental decision-making--a vantage point often overlooked in other conventional approaches. You'll learn to use economic analytical tools, such as market models, benefit-cost analysis, and risk analysis, to assess environmental problems and to evaluate policy solutions.
650 _2Economics
_aEnvironmental Economics
_922256
700 _aThomas, Janet M
_922257
942 _2ddc
_cBK
999 _c221657
_d221657